<?xml version="1.0" encoding="UTF-8"?>
<collection xmlns="http://www.loc.gov/MARC21/slim">
 <record>
  <leader>01914nam a22002417a 4500</leader>
  <controlfield tag="001">NCT_49506</controlfield>
  <controlfield tag="008">180912b        xxu||||| |||| 00| 0 vie d</controlfield>
  <datafield tag="999" ind1=" " ind2=" ">
   <subfield code="c">2367</subfield>
   <subfield code="d">2367</subfield>
  </datafield>
  <datafield tag="020" ind1=" " ind2=" ">
   <subfield code="a">9786048222819</subfield>
   <subfield code="c">104000</subfield>
  </datafield>
  <datafield tag="082" ind1="0" ind2="4">
   <subfield code="2">23rd ed.</subfield>
   <subfield code="a">628.44566</subfield>
   <subfield code="b">A107</subfield>
  </datafield>
  <datafield tag="100" ind1="1" ind2=" ">
   <subfield code="a">Nguyễn Việt Anh</subfield>
  </datafield>
  <datafield tag="245" ind1="1" ind2="0">
   <subfield code="a">Bể tự hoại</subfield>
   <subfield code="c">Nguyễn Việt Anh</subfield>
  </datafield>
  <datafield tag="260" ind1=" " ind2=" ">
   <subfield code="a">H.</subfield>
   <subfield code="b">Xây dựng</subfield>
   <subfield code="c">2017</subfield>
  </datafield>
  <datafield tag="300" ind1=" " ind2=" ">
   <subfield code="a">184tr.</subfield>
   <subfield code="b">minh họa</subfield>
   <subfield code="c">24cm</subfield>
  </datafield>
  <datafield tag="520" ind1="3" ind2=" ">
   <subfield code="a">Bể tự hoại xuất hiện lần đầu tiên ở Pháp vào năm 1860. Cho đến nay, loại công trình xử lý nước thải tại chỗ này đã được phổ cập trên toàn Thế giới. Ở VN, bể tự hoại cũng trở nên ngày càng phổ biến, để xử lý nước thải sinh hoạt hay một số loại nước thải khác từ các hộ gia đình, nhà chung cư, các cơ quan, trường học, các cơ sở dịch vụ</subfield>
  </datafield>
  <datafield tag="653" ind1=" " ind2=" ">
   <subfield code="a">Quản lý Tài nguyên &amp; Môi trường</subfield>
  </datafield>
  <datafield tag="942" ind1=" " ind2=" ">
   <subfield code="2">ddc</subfield>
   <subfield code="c">BK</subfield>
  </datafield>
  <datafield tag="952" ind1=" " ind2=" ">
   <subfield code="0">0</subfield>
   <subfield code="1">0</subfield>
   <subfield code="2">ddc</subfield>
   <subfield code="4">0</subfield>
   <subfield code="6">628_445660000000000_A107</subfield>
   <subfield code="7">0</subfield>
   <subfield code="9">13672</subfield>
   <subfield code="a">000001</subfield>
   <subfield code="b">000001</subfield>
   <subfield code="d">2018-09-12</subfield>
   <subfield code="o">628.44566 A107</subfield>
   <subfield code="p">MD.12893</subfield>
   <subfield code="r">2018-09-12</subfield>
   <subfield code="v">104000.00</subfield>
   <subfield code="w">2018-09-12</subfield>
   <subfield code="y">BK</subfield>
  </datafield>
  <datafield tag="952" ind1=" " ind2=" ">
   <subfield code="0">0</subfield>
   <subfield code="1">0</subfield>
   <subfield code="2">ddc</subfield>
   <subfield code="4">0</subfield>
   <subfield code="6">628_445660000000000_A107</subfield>
   <subfield code="7">0</subfield>
   <subfield code="9">13673</subfield>
   <subfield code="a">000001</subfield>
   <subfield code="b">000001</subfield>
   <subfield code="d">2018-09-12</subfield>
   <subfield code="o">628.44566 A107</subfield>
   <subfield code="p">MD.12894</subfield>
   <subfield code="r">2018-09-12</subfield>
   <subfield code="v">104000.00</subfield>
   <subfield code="w">2018-09-12</subfield>
   <subfield code="y">BK</subfield>
  </datafield>
  <datafield tag="952" ind1=" " ind2=" ">
   <subfield code="0">0</subfield>
   <subfield code="1">0</subfield>
   <subfield code="2">ddc</subfield>
   <subfield code="4">0</subfield>
   <subfield code="6">628_445660000000000_A107</subfield>
   <subfield code="7">0</subfield>
   <subfield code="9">13674</subfield>
   <subfield code="a">000001</subfield>
   <subfield code="b">000001</subfield>
   <subfield code="d">2018-09-12</subfield>
   <subfield code="o">628.44566 A107</subfield>
   <subfield code="p">MD.12895</subfield>
   <subfield code="r">2018-09-12</subfield>
   <subfield code="v">104000.00</subfield>
   <subfield code="w">2018-09-12</subfield>
   <subfield code="y">BK</subfield>
  </datafield>
  <datafield tag="952" ind1=" " ind2=" ">
   <subfield code="0">0</subfield>
   <subfield code="1">0</subfield>
   <subfield code="2">ddc</subfield>
   <subfield code="4">0</subfield>
   <subfield code="6">628_445660000000000_A107</subfield>
   <subfield code="7">0</subfield>
   <subfield code="9">13675</subfield>
   <subfield code="a">000001</subfield>
   <subfield code="b">000001</subfield>
   <subfield code="d">2018-09-12</subfield>
   <subfield code="o">628.44566 A107</subfield>
   <subfield code="p">MD.12896</subfield>
   <subfield code="r">2018-09-12</subfield>
   <subfield code="v">104000.00</subfield>
   <subfield code="w">2018-09-12</subfield>
   <subfield code="y">BK</subfield>
  </datafield>
  <datafield tag="952" ind1=" " ind2=" ">
   <subfield code="0">0</subfield>
   <subfield code="1">0</subfield>
   <subfield code="2">ddc</subfield>
   <subfield code="4">0</subfield>
   <subfield code="6">628_445660000000000_A107</subfield>
   <subfield code="7">0</subfield>
   <subfield code="9">13676</subfield>
   <subfield code="a">000001</subfield>
   <subfield code="b">000001</subfield>
   <subfield code="d">2018-09-12</subfield>
   <subfield code="o">628.44566 A107</subfield>
   <subfield code="p">MD.12897</subfield>
   <subfield code="r">2018-09-12</subfield>
   <subfield code="v">104000.00</subfield>
   <subfield code="w">2018-09-12</subfield>
   <subfield code="y">BK</subfield>
  </datafield>
  <datafield tag="980" ind1=" " ind2=" ">
   <subfield code="a">Thư viện Trường Đại học Nam Cần Thơ</subfield>
  </datafield>
 </record>
</collection>
